Curse of Strahd Characters - Statistics

General Stats
  • This quiz has been taken 20 times
  • The average score is 10 of 16
Answer Stats
Picture Answer % Correct
Ireena Kolyana
94%
Rudolph van Richten
94%
Baba Lysaga
83%
Ezmerelda D'Avenir
78%
Father Donavich
78%
Arrigal
67%
Lady Fiona Wachter
67%
Morgantha
67%
Sir Godfrey Gwilym
61%
Vasilka
61%
Volenta Popofsky
56%
Urwin Martikov
50%
Szoldar Szoldarovich
39%
Kiril Stoyanovich
33%
Yevgeni Krushkin
33%
Zuleïka Toranescu
22%
No matching quizzes found
Score Distribution
Percent of People with Each Score
Percentile by Number Answered
Your Score History
You have not taken this quiz